• 首页
  • 本馆介绍
  • 公告通知
  • 最新文献
  • 馆藏检索
  • 电子资源
  • 读者导购
  • 参考咨询
  • 我的图书馆
  • 登录
  • 详细信息显示
  • 放入我的书架
  • 预约/预借图书
  • 作者相关作品
  • 分类相关作品
  • 丛书相关作品
  • 出版社相关作品

书目信息

  • 表格格式
  • 工作单格式
  • 卡片格式
题名:
应力波基础
    
 
作者: 王礼立 编著
分册:  
出版信息: 北京   国防工业出版社  1985
页数: 248页
开本: 26cm
丛书名:
单 册:
中图分类: O347.4
科图分类:
主题词: 应力波
电子资源:
ISBN:
000 00618nam0 2200241 45
001 0185009931
005 20040518103235.2
010    @dCNY2.95
091    @a15034.2769
100    @a19900904d1985 em y0chiy0121 ea
101 0  @achi
102    @aCN@b110000
105    @ay z 000yy
106    @ar
200 10 @a应力波基础@Aying li bo ji chu@f王礼立编著
210    @a北京@c国防工业出版社@d1985
215    @a248页@c表格@d26cm
606    @a应力波
690    @aO347.4@v3
701  0 @a王礼立@Awang li li@4编著
801  0 @aCN@b深圳图书馆@c20040518
801  2 @aCN@bNLC@c20040518
905    @f2@b167697-698@dO347.4@e7
    
    应力波基础/王礼立编著.-北京:国防工业出版社,1985
    248页:表格;26cm
    
    
    ISBN :CNY2.95
    
●
相关链接 在E读中查询图书 在五车中查询图书 在当当中查询图书 在豆瓣中查询图书


正题名:应力波基础     索取号:O347.4/7         预约/预借

序号 登录号 条形码 馆藏地/架位号 状态 备注
1 0167697   000385639   第三借阅区/ [索取号:O347.4/7] 在馆    
2 0167698   000385611   第三借阅区/ [索取号:O347.4/7] 在馆    
3 0167699   000385620   第二样本阅览室/ [索取号:O347.4/7] 在馆    
唐山师范学院图书馆 欢迎您!
大连网信软件有限公司© 版权所有